<The> Impact of the Supervisory Board on Bond Ratings of Non-Financial Companies

Analýza vplyvu veľkosti a nezávislosti dozornej rady, ako aj veľkosti výboru pre audit na možnosť spoločnosti získať vysoký rating dlhopisov so ziskovosťou ako kontrolnou premennou. Skúmanie miery presnosti zoskupenia ratingov podnikových dlhopisov prostredníctvom klasifikačnej matice.

Guardado en:
Detalles Bibliográficos
Autor principal: Sahabuddin, Zainal Abidin
Otros Autores: Hadianto, Bram
Formato: Capítulo de libro
Lenguaje:inglés
Materias:
Etiquetas: Agregar Etiqueta
Sin Etiquetas, Sea el primero en etiquetar este registro!

MARC

LEADER 00000naa a2200000 4500
001 0267662
005 20200818125325.9
041 0 |a eng 
044 |a UA 
245 1 0 |a <The> Impact of the Supervisory Board on Bond Ratings of Non-Financial Companies  |c Zainal Abidin Sahabuddin, Bram Hadianto 
520 |a Analýza vplyvu veľkosti a nezávislosti dozornej rady, ako aj veľkosti výboru pre audit na možnosť spoločnosti získať vysoký rating dlhopisov so ziskovosťou ako kontrolnou premennou. Skúmanie miery presnosti zoskupenia ratingov podnikových dlhopisov prostredníctvom klasifikačnej matice. 
610 2 0 |a rating 
610 2 0 |a audit 
610 2 0 |a rady dozorné 
610 2 0 |a zisk 
610 2 0 |a predstavenstvo 
100 1 |a Sahabuddin, Zainal Abidin 
700 1 |a Hadianto, Bram